000
00308 a2200157 4500
001
57985
020
_a
040
_c
Anchieta - Pituba
100
_a
Lagerkvist, Pär
240
1
0
_a
Barrabás
_l
por
245
1
0
_a
Barrabás
300
_a
209
362
0
_a
1970
650
4
_a
Literatura sueca
942
_c
BK
999
_c
57985
_d
57985